50 Marques de motos - Statistiques

Statistiques générales
  • Ce quiz a été pris 1 975 fois
  • Le résultat moyen est 12 sur 50
Statistiques - réponses
Nationalité Marque % Correct
Japon Yamaha
94%
Japon Honda
91%
Japon Kawasaki
86%
Japon Suzuki
86%
Italie Ducati
82%
Allemagne BMW
81%
Autriche KTM
80%
Etats-Unis Harley-Davidson
79%
Royaume-Uni Triumph
59%
Italie Aprilia
56%
Suède Husqvarna
37%
Etats-Unis Indian Motorcycle
36%
Italie MV Agusta
36%
Italie Beta Motor
31%
Espagne Gas Gas
26%
Royaume-Uni Royal Enfield
26%
Etats-Unis Sherco
26%
Espagne Derbi
25%
Italie Moto Guzzi
24%
Espagne Rieju
21%
Italie Benelli
18%
Etats-Unis Buell
15%
Italie TM Racing
14%
France Motobécane
10%
Royaume-Uni Norton
10%
France Voxan
9%
Italie Bimota
8%
Italie Cagiva
8%
Suède Husaberg
7%
Russie Ural Russian Motorcycle
5%
Italie Laverda
4%
France Terrot
4%
République Tchèque Jawa
3%
Belgique FN
2%
Espagne Hyosung
2%
France Midual
2%
France Scorpa
2%
Etats-Unis Victory
2%
Etats-Unis ATK
1%
Italie Borile
1%
Royaume-Uni CCM Motorcycle
1%
Italie CR & S
1%
Italie Magni
1%
Allemagne Münch
1%
Allemagne Muz
1%
Allemagne Sachs Bikes
1%
Italie Vertemati
1%
Espagne Clipic Motor
0%
Italie Ghezzi-Brian
0%
France RDS Side Car
0%
Aucun quiz correspondant
Distribution des résultats
% des personnes avec chaque résultat
Percentile par nombre de réponses
Votre historique - résultats
Vous n’avez pas pris ce quiz